ბათუმის შოთა რუსთაველის სახელმწიფო უნივერსიტეტის ბიბლიოთეკა

ეკოლოგიური ბიოქიმიის საფუძვლები / (ბიბ.ჩანაწერი № 41579)

000 -ლიდერი
ფიქსირებული სიგრძის საკონტროლო ველი 01772nam a2200325Ia 4500
001 - საკონტროლო ნომერი
საკონტროლო ველი 8247
003 - საკონტროლო ნომრის იდენტიფიკატორი
საკონტროლო ველი GE_BSU
005 - ბოლო ოპერაციის თარიღი და დრო
საკონტროლო ველი 20240412112410.0
008 - ფიქსირებული სიგრძის მონაცემთა ელემენტები - ზოგადი ინფორმაცია
ფიქსირებული სიგრძის საკონტროლო ველი 181216s2010||||geo|||||||||||||| ||geo||
020 ## - წიგნის საერთაშორისო სტანდარტული ნომერი
International Standard Book Number 9789941170041
040 ## - კატალოგიზაციის წყარო
Transcribing agency GE_BSU
041 ## - ენის კოდი
Language code of text/sound track or separate title geo
080 ## - უნივერსალური ათობითი კლასიფიკაციის ინდექსი
Universal Decimal Classification number 581.524+591.524+577.1+574.24:581.1+574.4:581.19 ა–48
100 ## - მთავარი ჩანაწერი - პიროვნების სახელი
Personal name ალექსიძე, ნუგზარ
9 (RLIN) 2610
245 ## - ცნობა სათაურის შესახებ
Title ეკოლოგიური ბიოქიმიის საფუძვლები /
Statement of responsibility, etc ნუგზარ ალექსიძე, გიორგი ალექსიძე ; [რედ. : ი. ელიავა, შ. სამსონია].
250 ## - გამოცემის ცნობა
Edition statement (მე-2 გადამუშ. გამოც.)
264 ## - წარმოების, გამოცემის, დისტრიბუციის და სხვა ცნობები
გამოცემის, წარმოების, დისტრიბუციის... ადგილი თბილისი :
გამოცემის, წარმოების, დისტრიბუციის... სახელწოდება უნივერსალი,
გამოცემის, წარმოების, დისტრიბუციის... თარიღი 2010.
300 ## - ფიზიკური აღწერა
Extent 442 გვ. :
Other physical details სურ., ცხრ. ;
Dimensions 25 სმ.
500 ## - ზოგადი შენიშვნა
General note საგნ. საძიებელი : გვ. 427-436
504 ## - BIBLIOGRAPHY, ETC. NOTE
Bibliography, etc ბიბლიოგრაფია : გვ. 413-424
653 ## - INDEX TERM--UNCONTROLLED
Uncontrolled term ეკოლოგიური ბიოქიმიის საფუძვლები
653 ## - INDEX TERM--UNCONTROLLED
Uncontrolled term ცენარეთა ადაპტაცია გარემოსადმი
653 ## - INDEX TERM--UNCONTROLLED
Uncontrolled term ცხოველთა ადაპტაცია გარემოსადმი
653 ## - INDEX TERM--UNCONTROLLED
Uncontrolled term ცოცხალ ორგანიზმებს შორის ეკოლოგიური ურთიერთობა
700 ## - ADDED ENTRY--PERSONAL NAME
Personal name ალექსიძე, გიორგი
Relator term ავტორი
9 (RLIN) 21779
700 ## - ADDED ENTRY--PERSONAL NAME
Personal name ელიავა, ი.
Relator term რედაქტორი
9 (RLIN) 2643
700 ## - ADDED ENTRY--PERSONAL NAME
Personal name სამსონია, შ.
Relator term რედაქტორი
9 (RLIN) 1091
942 ## - ADDED ENTRY ELEMENTS (KOHA)
Koha item type წიგნი
Source of classification or shelving scheme
ეგზემპლარები
ჩამოწერის სტატუსი დაკარგული ეგზემპლარის სტატუსი კლასიფიკაციის წყარო ან თაროზე გაწყობის სქემა დაზიანების სტატუსი არ გაიცემა მუდმივი მდებარეობა (დაცვის ადგილი) ამჟამინდელი ადგილსამყოფელი თაროზე განთავსების ადგილი შეძენის თარიღი ღირებულება, შესყიდვის ნორმალური ფასი სრული შენახვის შიფრი შტრიხკოდი ბოლო ოპერაციის თარიღი ეგზემპლარის მიმდევრობითი ნომერი (კეტერი?) ფასის ძალაში შესვლის თარიღი ეგზემპლარის სახეობა საჯარო შენიშვნა
          ბათუმის შოთა რუსთაველის სახელმწიფო უნივერსიტეტის მთავარი ბიბლიოთეკა ბათუმის შოთა რუსთაველის სახელმწიფო უნივერსიტეტის მთავარი ბიბლიოთეკა წიგნსაცავი 2018-12-17 22.00 581.524+591.524+577.1+574.24:581.1+574.4:581.19 ა–48 26575 2018-12-17 26575 2018-12-17 წიგნი 22.00 ₾.
          ბათუმის შოთა რუსთაველის სახელმწიფო უნივერსიტეტის მთავარი ბიბლიოთეკა ბათუმის შოთა რუსთაველის სახელმწიფო უნივერსიტეტის მთავარი ბიბლიოთეკა წიგნსაცავი 2018-12-17 22.00 581.524+591.524+577.1+574.24:581.1+574.4:581.19 ა–48 26576 2018-12-17 26576 2018-12-17 წიგნი 22.00 ₾.
          ბათუმის შოთა რუსთაველის სახელმწიფო უნივერსიტეტის მთავარი ბიბლიოთეკა ბათუმის შოთა რუსთაველის სახელმწიფო უნივერსიტეტის მთავარი ბიბლიოთეკა წიგნსაცავი 2018-12-17 22.00 581.524+591.524+577.1+574.24:581.1+574.4:581.19 ა–48 26577 2018-12-17 26577 2018-12-17 წიგნი 22.00 ₾.
          ბათუმის შოთა რუსთაველის სახელმწიფო უნივერსიტეტის მთავარი ბიბლიოთეკა ბათუმის შოთა რუსთაველის სახელმწიფო უნივერსიტეტის მთავარი ბიბლიოთეკა წიგნსაცავი 2018-12-17 22.00 581.524+591.524+577.1+574.24:581.1+574.4:581.19 ა–48 26578 2018-12-17 26578 2018-12-17 წიგნი 22.00 ₾.
          ბათუმის შოთა რუსთაველის სახელმწიფო უნივერსიტეტის მთავარი ბიბლიოთეკა ბათუმის შოთა რუსთაველის სახელმწიფო უნივერსიტეტის მთავარი ბიბლიოთეკა წიგნსაცავი 2018-12-17 22.00 581.524+591.524+577.1+574.24:581.1+574.4:581.19 ა–48 26579 2018-12-17 26579 2018-12-17 წიგნი 22.00 ₾.
          ბათუმის შოთა რუსთაველის სახელმწიფო უნივერსიტეტის მთავარი ბიბლიოთეკა ბათუმის შოთა რუსთაველის სახელმწიფო უნივერსიტეტის მთავარი ბიბლიოთეკა წიგნსაცავი 2018-12-17 22.00 581.524+591.524+577.1+574.24:581.1+574.4:581.19 ა–48 26580 2018-12-17 26580 2018-12-17 წიგნი 22.00 ₾.
          ბათუმის შოთა რუსთაველის სახელმწიფო უნივერსიტეტის მთავარი ბიბლიოთეკა ბათუმის შოთა რუსთაველის სახელმწიფო უნივერსიტეტის მთავარი ბიბლიოთეკა წიგნსაცავი 2018-12-17 22.00 581.524+591.524+577.1+574.24:581.1+574.4:581.19 ა–48 26581 2018-12-17 26581 2018-12-17 წიგნი 22.00 ₾.
          ბათუმის შოთა რუსთაველის სახელმწიფო უნივერსიტეტის მთავარი ბიბლიოთეკა ბათუმის შოთა რუსთაველის სახელმწიფო უნივერსიტეტის მთავარი ბიბლიოთეკა წიგნსაცავი 2018-12-17 22.00 581.524+591.524+577.1+574.24:581.1+574.4:581.19 ა–48 26582 2018-12-17 26582 2018-12-17 წიგნი 22.00 ₾.
          ბათუმის შოთა რუსთაველის სახელმწიფო უნივერსიტეტის მთავარი ბიბლიოთეკა ბათუმის შოთა რუსთაველის სახელმწიფო უნივერსიტეტის მთავარი ბიბლიოთეკა წიგნსაცავი 2018-12-17 22.00 581.524+591.524+577.1+574.24:581.1+574.4:581.19 ა–48 26583 2018-12-17 26583 2018-12-17 წიგნი 22.00 ₾.
          ბათუმის შოთა რუსთაველის სახელმწიფო უნივერსიტეტის მთავარი ბიბლიოთეკა ბათუმის შოთა რუსთაველის სახელმწიფო უნივერსიტეტის მთავარი ბიბლიოთეკა წიგნსაცავი 2018-12-17 22.00 581.524+591.524+577.1+574.24:581.1+574.4:581.19 ა–48 26584 2018-12-17 26584 2018-12-17 წიგნი 22.00 ₾.